| 000 | 00556nam a2200205Ia 4500 | ||
|---|---|---|---|
| 005 | 20231109130141.0 | ||
| 008 | 140110s9999 xx 000 0 und d | ||
| 020 |
_a9788186860342 _cRs.595.00 |
||
| 040 | _aLoreto College | ||
| 041 | _aEnglish | ||
| 082 |
_a320.95414 _bDEB |
||
| 100 | _aDebnath,Sailen | ||
| 245 |
_aWest Bengal in doldrums _cSailen Debnath |
||
| 260 |
_aSiliguri _bN.L.Publishers _c2009 |
||
| 300 | _axxiii,327p | ||
| 504 | _aIncludes bibliographical references | ||
| 650 | _aWest Bengal-Politics | ||
| 850 | _aLCLIB | ||
| 942 | _cBK | ||
| 999 |
_c36359 _d86838 |
||